| 000 -LEADER |
| fixed length control field |
01003pab a2200157 454500 |
| 008 - FIXED-LENGTH DATA ELEMENTS--GENERAL INFORMATION |
| fixed length control field |
180718b2003 xxu||||| |||| 00| 0 eng d |
| 100 ## - MAIN ENTRY--PERSONAL NAME |
| Personal name |
Karshenas, Massoud |
| 245 ## - TITLE STATEMENT |
| Title |
Global poverty: national accounts based versus survey based estimates |
| 260 ## - PUBLICATION, DISTRIBUTION, ETC. |
| Date of publication, distribution, etc. |
2003 |
| 300 ## - PHYSICAL DESCRIPTION |
| Extent |
p.683-712. |
| 362 ## - DATES OF PUBLICATION AND/OR SEQUENTIAL DESIGNATION |
| Dates of publication and/or sequential designation |
Sep |
| 520 ## - SUMMARY, ETC. |
| Summary, etc. |
This article examines the dollar-a-day poverty estimates produced by the World Bank. It highlights the lack of consistency between average consumption and income in household surveys and national accounts data. After examining the likely sources of divergence between the two series, the author proposes a new method of estimation of poverty, based on calibrating the survey means by conditioning on national accounts data, are contrasted with the World Bank estimates. The implications of the findings for the debate on the relationship between poverty and economic growth are also briefly. - Reproduced. |
| 650 ## - SUBJECT ADDED ENTRY--TOPICAL TERM |
| Topical term or geographic name entry element |
Poverty |
| 773 ## - HOST ITEM ENTRY |
| Main entry heading |
Development and Change |
| 909 ## - |
| -- |
57889 |